000 00851nam a2200229Ia 4500
003 IN-BaIIA
008 211028s9999 xx 000 0 eng d
020 _a0-7923-6822-4
040 _cIIA Library
080 _a52(082.1)
_bASS-263
111 _aInternational Symposium on Supercomputing
_cTokyo, Japan
_d1997 Sept. 1-3
_925845
245 0 _aNew horizons of computational science
_bproceedings of the International symposium on supercomputing Tokyo, Japan, September 1-3, 1997
_cedited by T. Ebisuzaki and J. Makino
260 _aDordrecht
_bKluwer Academic
_c2001
300 _a312p.
490 _aAstrophysics and space science library; v. 263
650 _aBiophysics
_911044
650 _aComputational science
_925846
650 _aStellar dynamics
700 _aEbisuzaki, T., ed.
_924004
700 _aMakino, J., ed.
_925847
942 _cBK
999 _c14543
_d14543